Datum a čas kvízu

17 Celkem bodů Celkový počet nahraných bodů na tomto kvízu bez doplňovacích otázek.
10. Pořadí na kvízu Konečné umístění týmu na tomto kvízu.

Zaznamenané odpovědi

# Otázka Odpověď Body Výsledky
1. Centrum pro výzkum veřejného m... 1D 2B 3C 4A 0
2. Dvacetiletá Árifa Sultánaová z... má dvě dělohy (uznáváme i zdvojenou dělohu) 1
3. Po deseti letech výstavby otev... o Kataru 0
4. Tři moravské pivovary přestan... Litovel, Zubr, Holba 1
5. 37letý záložník, hráč klubu AC... Marek Matějovský 0
6. Vaším úkolem bude uhodnout kře... Jan / Stanislav Tříska 0.5
7. Nejstarší muž z naší trojice b... Otokar / Karel / Michal Březina 0
8. Nejstarším z další trojice je... Emanuel / David Moravec; Nikol Moravcová 1
9. Slovenský jazzový a bluesový z... Peter / Dua Lipa 0
10. Tento francouzský filozof, spi... Jean-Jacques / Henri Rousseau 0